000 00540nam a2200217Ia 4500
003 OSt
005 20220924133854.0
006 a|||||r|||| 00| 0
007 ta
008 220923b |||||||| |||| 00| 0 snd d
024 _a269384
037 _cTextual
040 _aARTS
_cARTS
_bsnd
041 _2snd
_asnd
082 _aO1593,3NDO,PP, M3
100 _aDodeja
_9207556
245 0 _aPatni pahinji, putt pararoo
260 _c1983
942 _hO1593,3NDO,PP, M3
_cTEXL
_2CC
999 _c435545
_d435545